LDR 00749naa#a2200217#i#450# 001 EN\\bibl\126655 005 20260701065930.3 011 ## _a2074-9414 100 ## _a20260630b2026####ek#y0engy0150####ca 101 0# _aRUS 102 ## _aRU 200 1# _aChemical Synthesis of Selenium Nanoparticles: Application Prospects _eJournal article 210 1# _aKemerovo _cKemerovo State University _d2026 215 ## _a10 с. 608 ## _aJournal article _2local 675 ## _aСельское хозяйство. Лесное хозяйство. Охота. Рыбное хозяйство. 63 _zRUS 700 #1 _aZhigailov _gAlexander S. 700 #1 _aVechtomova _gElena A. 700 #1 _aKozlova _gOksana V. 700 #1 _aVereshchagin _gAlexander L. 856 4# _ajcenter.kemsu.ru _u